Reconciling human existence with ecological integrity : science, ethics, economics and law (Record no. 55772)

MARC details
000 -LEADER
fixed length control field 00912nam a2200229 a 4500
001 - CONTROL NUMBER
control field 15522380
008 - FIXED-LENGTH DATA ELEMENTS--GENERAL INFORMATION
fixed length control field 190130s2008 ||||||||||||||||| || u
010 ## - LIBRARY OF CONGRESS CONTROL NUMBER
LC control number 2008300901
020 ## - INTERNATIONAL STANDARD BOOK NUMBER
International Standard Book Number 9781844075652 (alk. paper)
020 ## - INTERNATIONAL STANDARD BOOK NUMBER
International Standard Book Number 1844075656 (alk. paper)
050 ## - LIBRARY OF CONGRESS CALL NUMBER
Classification number QH 541.15.E245 Rec
100 ## - MAIN ENTRY--PERSONAL NAME
Personal name Westra, Laura
245 10 - TITLE STATEMENT
Title Reconciling human existence with ecological integrity : science, ethics, economics and law
Statement of responsibility, etc. Edited by Laura Westra, Klaus Bosselmann and Richard Westra.
260 ## - PUBLICATION, DISTRIBUTION, ETC.
Place of publication, distribution, etc. London:
Name of publisher, distributor, etc. Earthscan
Date of publication, distribution, etc. 2008
300 ## - PHYSICAL DESCRIPTION
Extent xxv, 351p.: ill.
350 ## - PRICE (NR) (BK AM CF MU VM SE) [OBSOLETE]
Price 53.11
500 ## - GENERAL NOTE
General note Includes bibliographical references and index.
650 #0 - SUBJECT ADDED ENTRY--TOPICAL TERM
Topical term or geographic name entry element ECOLOGICAL INTERGRITY
700 ## - ADDED ENTRY--PERSONAL NAME
Personal name Westra, Richard
700 ## - ADDED ENTRY--PERSONAL NAME
Personal name Bosselmann, Klaus
995 ## - RECOMMENDATION 995 [LOCAL, UNIMARC FRANCE]
-- CBU-MAIN LIBRARY (Kitwe)
-- 53.11
-- 1
-- AVAILABLE
-- Jan 30, 2019
-- Main Library Open Access Collection
Holdings
Withdrawn status Lost status Source of classification or shelving scheme Damaged status Not for loan Home library Current library Shelving location Date acquired Total Checkouts Full call number Barcode Date due Date last seen Date last checked out Price effective from Koha item type
          CBU-MAIN LIBRARY, KITWE. CBU-MAIN LIBRARY, KITWE.   11/30/2022 1 QH 541.15.E245 Rec 748866 05/27/2026 05/13/2026 05/13/2026 11/30/2022 MONOGRAPH